| 000 | 01012nam a2200289 i 4500 | ||
|---|---|---|---|
| 001 | 000028128 | ||
| 003 | DO-SdBNP | ||
| 005 | 20231012111653.0 | ||
| 008 | 110406s2017 dr 000 0 spa d | ||
| 040 |
_aDO-SdBNP _bspa _cBNPHU _erda |
||
| 082 | 4 |
_aG864.44 _bC314d _222 |
|
| 100 |
_aCarrera, Mario Alberto, _eautor _955132 |
||
| 245 | 1 | 0 |
_aDiorama en torno a la obra de Miguel Àngel Asturias / _cMario Alberto Carrera |
| 260 |
_aGuatemala : _bCultura, _c2017. |
||
| 300 |
_a72 paginas ; _c21 cm. |
||
| 336 |
_2rdacontent _atexto _btxt |
||
| 337 |
_2rdamedia _asin mediación _bn |
||
| 338 |
_2rdacarrier _avolumen _bnc |
||
| 490 | 1 |
_aEnsayos ; _aLuis Cardoza y Aragón ; _v 63 |
|
| 590 | _aInventariado, 2023 / DG | ||
| 600 | 1 | 4 |
_aAsturias, Miguel Ángel, _xCrítica e interpretación _984438 |
| 650 | 4 |
_aEnsayos guatemaltecos _921180 |
|
| 650 | 4 |
_aLiteratura guatemalteca _95393 |
|
| 830 |
_955133 _aEnsayo _pLuis Cardoza y Aragón ; _n63 |
||
| 910 | _aDG/Validado. Control de calidad MFF | ||
| 942 |
_2ddc _cLBS1 |
||
| 999 |
_c55117 _d55117 |
||